000 00312pab a2200121 454500
008 180718b xxu||||| |||| 00| 0 eng d
100 _aDang, Satyapal
245 _aTheocratic demands must be resisted
650 _a Punjab
650 _aPunjab - Politics and Government
773 _aTimes of India
909 _a21883
999 _c21883
_d21883